| 000 | 01411cam a22003857a 4500 | ||
|---|---|---|---|
| 003 | CHAP | ||
| 005 | 20220329135709.0 | ||
| 008 | 971013s1973 r 00010 d | ||
| 010 | _a40714 | ||
| 011 | _a41686 | ||
| 035 | _a45812 | ||
| 040 | _cCHAP | ||
| 082 |
_a080 _bS4 v.96-97 |
||
| 100 | 0 | 0 |
_aMorse, Richard M. _978937 |
| 245 | 1 | 4 | _aLas ciudades latinoamericanas |
| 260 |
_aMéxico, D.F. : _bSecretaría de Educación Pública, _c1973 |
||
| 300 |
_a2 v. _b; mapas |
||
| 490 | 0 | _aSEP-Setentas, 96-97 | |
| 505 | _aContenido: v.1 Antecedentes.- v.2 Desarrollo histórico | ||
| 590 |
_aBATCH-UPD _b10 _c20130110 _lUCH01 _h0004 |
||
| 590 |
_aBATCH-UPD _b10 _c20130110 _lUCH01 _h2037 |
||
| 590 |
_aBATCH-UPD _b10 _c20130409 _lUCH01 _h1940 |
||
| 590 |
_aBATCH-UPD _b10 _c20130410 _lUCH01 _h1352 |
||
| 590 |
_aBATCH-UPD _b10 _c20130914 _lUCH01 _h0747 |
||
| 590 |
_aCONVERSION _b10 _c20130109 _lUCH01 _h1322 |
||
| 650 | 1 | 4 |
_aBrasil _xDescripción y viaje. _915060 |
| 650 | 1 | 4 |
_aCiudades y pueblos _xAmérica Latina. _923509 |
| 830 | 0 |
_aSEP-Setentas, 96-97 _9104442 |
|
| 901 | _aBK | ||
| 942 | _cLIBRO | ||
| 949 |
_a080 S4 v.96 _bBC _cLIBRO _d-104550 _eLIBRO _fc.2 _h29131 _i45812 _mD _si |
||
| 949 |
_a080 S4 v.96 _bBC _cLIBRO _d33724000317434 _eLIBRO _h29074 _i45812 _mD _si |
||
| 949 |
_a080 S4 v.97 _bBC _cLIBRO _d-104552 _eLIBRO _fc.2 _h29132 _i45812 _mD _si |
||
| 949 |
_a080 S4 v.97 _bBC _cLIBRO _d33724000317327 _eLIBRO _h29075 _i45812 _si |
||
| 999 |
_c40714 _d40714 |
||